1397 1143 1162 1061 1007 1693 1533 1451 1424 1598 1671 1327 1633 1241 1090 1321 1207 1356 1302 1501 1539 1761 1156 1764 1610 1741 1984 1287 1760 1994 1085 1338 1778 1662 1110 1390 1356 1721 1363 1092 1846 1253 1902 1445 1069 1511 1753 1447 1542 1610 1271 1301 1152 1139 1506 1489 1065 1180 1283 1629 1064 1508 1989 1346 1064 1184 1958 1963 1507 1626 1334 1364 1857 1367 1170 1493 1135 1051 1956 1656 1355 1355 1325 1422 1419 1844 1162 1153 1753 1158 1515 1158 1652 1776 1609 1628 1271 1276 1299 BCNSPRNW ULIB Ver.6.0+V

เปลี่ยนเป็นภาษาไทย

Change to English
 แสดงรายละเอียดบรรณานุกรม
  กลับหน้าหลัก

Brief Record : Get Marc (ISO 2709) : E-mail record : QR code < ปิดหน้าต่าง
LEADER : 00000nam 2200000uu 4500
001    13399113672
003     ULIB
008    111214s2543||||th 000 0 tha d
060  4 ^aWA105^bว255อ 2543
100 0  ^aวรรณภา ประทุมโทน
245 00 ^aเอกสารวิชาการ ตำราเรื่อง การเฝ้าระวังทางระบาดวิทยา : โรคไข้เลือดออก/^cวรรณภา ประทุมโทน
260    ^aพิษณุโลก:^bวิทยาลัยพยาบาลบรมราชชนนี พุทธชินราช,^c2543
300    ^a93 หน้า
650  7 ^aระบาดวิทยา
650  7 ^aไข้เลือดออก
710 2  ^aกระทรวงสาธารณสุข.^bสถาบันพระบรมราชนก.^bวิทยาลัยพยาบาลบรมราชชนนี พุทธชินราช.
945    ^p0^l0^i11130
995    ^aกัณชพร
999 ^a ใช้งานได้ทุกระบบ
รายการนี้ยังไม่มีแท็ก
คุณยังไม่ได้ล็อกอิน คุณสามารถมีกิจกรรมร่วมกับเว็บไซต์ได้ แต่ต้องล็อกอินก่อน ::
  ล็อกอิน

รายการสื่อสารสนเทศ

ลำดับที่ ประเภท เลขเรียก/บาร์โค้ด สถานที่ สถานะ
- ไม่พบข้อมูล -

รายการใกล้เคียง
    หัวเรื่อง [ระบาดวิทยา]
    หัวเรื่อง [ไข้เลือดออก]

BibComment


ยังไม่เคยถูกคอมเมนท์

คอมเมนท์ทรัพยากรรายการนี้
  คอมเมนท์: เอกสารวิชาการ ตำ..


 Copyright 2026. Bcnsprnw @Library